فلسفیا نہ تجزیہ : ایک تعارف / (Record no. 173223)

MARC details
000 -LEADER
fixed length control field 00604nam a22001937a 4500
005 - DATE AND TIME OF LATEST TRANSACTION
control field 20200220132135.0
010 ## - LCCN (DPL NO)
LC control number A-304079
020 ## - INTERNATIONAL STANDARD BOOK NUMBER
Terms of availability 52.00
035 ## - SYSTEM CONTROL NUMBER
System control number A-304079
037 ## - SOURCE OF ACQUISITION
Source of stock number/acquisition BPPD/Pub.
082 ## - DEWEY DECIMAL CLASSIFICATION NUMBER
Classification number 181
100 ## - MAIN ENTRY--PERSONAL NAME
Personal name ہاسپرس، جان
245 ## - TITLE STATEMENT
Title فلسفیا نہ تجزیہ : ایک تعارف /
Statement of responsibility, etc جان ہاسپرس
246 ## - VARYING FORM OF TITLE
Title proper/short title Falsafiyana Tajziyah: Ek Taarif /
Remainder of title by John Hospers
260 ## - PUBLICATION, DISTRIBUTION, ETC. (IMPRINT)
Place of publication, distribution, etc New Delhi
Name of publisher, distributor, etc Taraqqi Urdu Bureau
Date of publication, distribution, etc 1986 ء
270 ## - ADDRESS
Address West Block 8, R.K.Puram
City New Delhi
Postal code 110066
300 ## - PHYSICAL DESCRIPTION
Extent 607p.
Dimensions 21cm(Hb)
942 ## - ADDED ENTRY ELEMENTS (KOHA)
Source of classification or shelving scheme Dewey Decimal Classification
Item type Urdu Bks
Classification part 181
Call number suffix ہ ا س
Holdings
Withdrawn status Lost status Not for loan Collection code Home library Current library Date acquired Source of acquisition Cost, normal purchase price Full call number Barcode Copy number Cost, replacement price Koha item type
      Non-fiction Central Library Central Library 20/02/2020 BPPD/Ven. 52.00 181 ہ ا س A-304079 1 52.00 Urdu Bks

© Delhi Public Library
Hit Counter
free hit counter